Statistics for Countries with fastest internet connections

Click here to take the quiz!

General Stats

  • This quiz has been taken 18 times
  • The average score is 8 of 10

Answer Stats

Speed(Mb/s)Answer% Correct
16.6Finland
94%
16.1Denmark
89%
19.1Sweden
89%
17.0Netherlands
83%
18.8Norway
83%
17.4Japan
78%
26.7South Korea
72%
16.7Switzerland
61%
16.6Austria
56%
16.7Latvia
56%

Score Distribution

Percentile by Number Answered

Percent of People with Each Score

Your Score History

You have not taken this quiz